| 000 | 00790na a2200265 4500 | ||
|---|---|---|---|
| 001 | 22460 | ||
| 003 | MIRAKIL | ||
| 005 | 20181213155254.0 | ||
| 008 | 170214b tu 000 0 | ||
| 035 | _a22460 | ||
| 040 |
_aMilas _btur _cTR-AnCHP |
||
| 041 | _atur | ||
| 090 | _aSHP 39 | ||
| 110 | _aSosyaldemokrat Halkçı Parti (SHP) | ||
| 245 |
_aDemokratik halk devrimi _cSosyal Demokrasi Dernekleri Federasyonu |
||
| 260 |
_aAnkara _bSHP _c1970 |
||
| 300 |
_a32 s. _c20 sm. |
||
| 490 |
_aSosyal Demokrasi Dernekleri Federasyonu _v3 |
||
| 610 |
_aSosyaldemokrat Halkçı Parti (SHP) _xDemokrasi |
||
| 650 |
_aSiyasal partiler _xSHP _yDemokrasi _zTürkiye |
||
| 650 |
_aDemokrasi _xDevrimler |
||
| 830 | _aSosyaldemokrat Halkçı Parti (SHP) | ||
| 942 |
_2ddc _cBKS |
||
| 999 |
_c9694 _d9694 |
||